000 00647nam a2200217Ia 4500
003 GCL
008 140319s9999 xx 000 0 ara d
040 _aGCL /
_cGCL
082 0 4 _a928.1
_bل ا
100 1 _aلوسى يعقوب
245 1 0 _aانيس منصور مفكرا وفيلسوفا /
_cلوسى يعقوب
260 _aالقاهرة :
_bالدار المصرية اللبنانية ،
_c1993
300 _a182 ص ؛
_c19 سم
490 _a
650 0 4 _aالادب العربى
650 0 4 _aالعصر الحديث
650 0 4 _aمصر
650 0 4 _aانيس منصور
650 0 4 _aتاريخ ونقد
942 _2ddc
_cBK
999 _c33401
_d33401